El estado mundial de la agricultura y la alimentación 2008

Saved in:
Bibliografiske detaljer
Corporate Authors: FAO (Author), Organización de las Naciones Unidas para la Agricultura y la Alimentación (Author)
Format: Bog
Sprog:spansk
Udgivet: Roma FAO 2008
Fag:
Tags: Tilføj Tag
Ingen Tags, Vær først til at tagge denne postø!

MARC

LEADER 00000nam a2200000 a 4500
001 UCI9553
003 CL-VaPUC
008 081120e20080000IT |||||||||||||||||spa|d
020 |a 9789253059805 
082 0 4 |a 338.1  |b FAO  |2 21 
110 2 |a FAO  |e author  |9 533382 
710 2 |a Organización de las Naciones Unidas para la Agricultura y la Alimentación  |e author  |9 533383 
245 1 3 |a El estado mundial de la agricultura y la alimentación 2008 
300 |a 146 p 
942 |c BK 
945 |d 20081120 00:00:00  |a jtorresc 
260 |a Roma  |b FAO  |c 2008 
650 0 |a Agricultura  |9 255598 
650 7 |a PRODUCCION ALIMENTARIA  |2 CL-VaPUC  |9 341875 
650 7 |a PRODUCTIVIDAD AGRICOLA  |2 CL-VaPUC  |9 264192 
583 |a last modification  |c 20081120 00:00:00  |k Rodrigo Vera 
999 |c 332070  |d 332068 
952 |0 0  |1 0  |4 0  |6 338_100000000000000_FAO_2008  |7 0  |8 A  |9 419439  |a BIBAGR  |b BIBAGR  |d 2019-11-22  |i 4499158  |o 338.1 FAO 2008  |p 4499158  |r 2025-01-20  |w 2019-11-22  |y BK  |k AGR